| 000 | 01137nam a22003497a 4500 | ||
|---|---|---|---|
| 003 | CHAP | ||
| 005 | 20220817042134.0 | ||
| 008 | 971013s1974 r 00010 d | ||
| 010 | _a35825 | ||
| 011 | _a36797 | ||
| 035 | _a40916 | ||
| 040 | _cCHAP | ||
| 082 |
_a636.08 _bO7 |
||
| 110 |
_aOrganismo Internacional de Energía Atómica _983512 |
||
| 245 | _aTrace techniques in tropical animal production ; proceedings of a panel... | ||
| 260 |
_aVienna : _bOIEA, _c1974 |
||
| 300 |
_a209 p. _b; gráfs. |
||
| 490 | _aPanel proceedings series | ||
| 590 |
_aBATCH-UPD _b10 _c20130110 _lUCH01 _h0020 |
||
| 590 |
_aBATCH-UPD _b10 _c20130110 _lUCH01 _h1225 |
||
| 590 |
_aBATCH-UPD _b10 _c20130410 _lUCH01 _h0758 |
||
| 590 |
_aBATCH-UPD _b10 _c20130914 _lUCH01 _h1354 |
||
| 590 |
_aCONVERSION _b10 _c20130109 _lUCH01 _h1320 |
||
| 650 | 1 | 4 |
_aGanadería _xTrópicos. _944856 |
| 650 | 1 | 4 |
_aGanado _xProducción. _944945 |
| 650 | 1 | 4 |
_aTrazadores radioactivos. _9114726 |
| 710 | 0 | _aFAO. | |
| 830 | 0 |
_aPanel proceedings series _985079 |
|
| 901 | _aBK | ||
| 942 | _cLIBRO | ||
| 949 |
_a636.08 O7 _bBC _cLIBRO _d33724000260824 _eLIBRO _fc.2 _h37747 _i40916 _si |
||
| 999 |
_c35825 _d35825 |
||